000
00329nam a2200133Ia 4500
005
20260328101451.0
008
260328s9999||||xx |||||||||||||| ||und||
100
_a
Torrent, Rosalía
245
0
_a
Historia del Diseño Industrial /
_c
Rosalía Torrent
260
_b
Cátedra
300
_a
505 p.
650
_a
HISTORIA
942
_c
BK
999
_c
8654
_d
8654